Statistics for Thebes (Micronation) Country Quiz

Click here to take the quiz!

General Stats

  • This quiz has been taken 28 times
    (2 since last reset)
  • The average score is 16 of 52

Answer Stats

HintAnswer% Correct
Day of the Week it was FoundedWednesday
100%
Date it was Founded19th
50%
Year of Founding2019
50%
First ProvinceCadmea
50%
Kings since FoundingCharles I
50%
FoundersCharles Miller
50%
Government position that comes below the above.Consul
50%
FoundersEithan Ackerman
50%
Kings since FoundingEithan I
50%
Kings since FoundingEithan I
50%
Official LanguagesEnglish
50%
Province Made Up of Several IslandsGarf
50%
Four Islands of the AboveGarf Island
50%
Official LanguagesGastonian
50%
Kings since FoundingJames I
50%
Month it was FoundedJune
50%
Other Six ProvincesLaiusa
50%
Lake it Claims Land InLake Gaston
50%
Official LanguagesLatin
50%
Capital of Thebes Located in the AboveNew Thebes
50%
ContinentNorth America
50%
States/Territories/Provinces it Claims Land FromNorth Carolina
50%
Other Six ProvincesOedipo
50%
Isolated ProvinceOsirgyz
50%
Newest ProvincePelopidia
50%
Other Six ProvincesPtolmus
50%
Largest ProvinceThunderbirda
50%
Country Thebes Claims Land FromUnited States
50%
States/Territories/Provinces it Claims Land FromVirginia
50%
Government position that is second in command to the king.Vizier
50%
How many people are in the above?12
0%
Other Six ProvincesAckermanus
0%
Kings since FoundingAdam I
0%
National BirdBlue Heron
0%
Three Other TerritoriesCarducci Island
0%
Kings since FoundingCayden I
0%
States/Territories/Provinces it Claims Land FromConnecticut
0%
National DinosaurDilophosaurus
0%
National MammalGrey Wolf
0%
Other Six ProvincesLacuterra
0%
Three Other TerritoriesMalludlus
0%
Other Six ProvincesMillerus
0%
Four Islands of the AboveMurmur Island
0%
States/Territories/Provinces it Claims Land FromOhio
0%
Three Other TerritoriesPetrulam
0%
Four Islands of the AboveSavage Island
0%
National AnimalShark
0%
National FishSunfish
0%
National ReptileTurtle
0%
Protected TerritoryTurtle Lodge
0%
Four Islands of the AboveWelsh Island
0%
National PlantWhite Oak
0%

Score Distribution

Percentile by Number Answered

Percent of People with Each Score

Your Score History

You have not taken this quiz since the last reset